[Event "GER-ch blitz"]
[Site "Magdeburg"]
[Date "2022.08.21"]
[Round "14"]
[White "Voege, Tobias"]
[Black "Barzen, Pascal"]
[Result "0-1"]
[WhiteElo "2360"]
[BlackElo "2342"]
[PlyCount "112"]
[EventDate "2022.08.21"]
[EventType "tourn (blitz)"]
[EventRounds "29"]
[EventCountry "GER"]
[EventCategory "5"]
[SourceTitle "CBM 210 Extra"]
[Source "ChessBase"]
[SourceDate "2022.11.30"]
[SourceVersion "1"]
[SourceVersionDate "2022.11.30"]
[SourceQuality "1"]

1. d4 Nf6 2. c4 e6 3. Nc3 Bb4 4. Nf3 0-0 5. Bg5 c5 6. e3 d6 7. Bd3 h6 8. Bh4 Nc6 9. 0-0 Bxc3 10. bxc3 e5 11. Qc2 Qe7 12. d5 Na5 13. Nd2 g5 14. Bg3 Nh5 15. Rae1 f5 16. f4 e4 17. Be2 g4 18. Nb3 Nxg3 19. hxg3 Qc7 20. Kf2 Kg7 21. Rh1 Bd7 22. Rh4 Rf6 23. Qb2 Nxb3 24. axb3 a5 25. Ra1 b6 26. Rhh1 Kg6 27. Ra2 h5 28. Raa1 Qd8 29. Rh4 Rf7 30. Rah1 Rh7 31. Bd1 a4 32. b4 a3 33. Qa2 Qf6 34. bxc5 bxc5 35. Be2 Qxc3 36. Rb1 Rhh8 37. Rb6 Qf6 38. Rb3 Rhb8 39. Rxa3 Rxa3 40. Qxa3 Qb2 41. Qa7 Qb7 42. Qa5 Qb6 43. Qa1 Qb2 44. Qa7 Qb7 45. Qa1 Ra8 46. Qc1 Qb4 47. Qh1 Ra2 48. Rxh5 Rxe2+ 49. Kxe2 Qxc4+ 50. Kd2 Qb4+ 51. Kc2 Ba4+ 52. Kc1 Qc3+ 53. Kb1 Bc2+ 54. Kc1 Bd3+ 55. Kd1 Qc2+ 56. Ke1 Qe2# 0-1

[Event "Menorca op 1st"]
[Site "Ciutadella de Menorca"]
[Date "2022.04.23"]
[Round "6"]
[White "Barzen, Pascal"]
[Black "Marin Ferragut, Pau"]
[Result "1-0"]
[WhiteElo "2324"]
[BlackElo "2120"]
[PlyCount "113"]
[EventDate "2022.04.20"]
[EventType "swiss"]
[EventRounds "7"]
[EventCountry "ESP"]
[SourceTitle "CBM 207 Extra"]
[Source "ChessBase"]
[SourceDate "2022.05.31"]
[SourceVersion "1"]
[SourceVersionDate "2022.05.31"]
[SourceQuality "1"]

1. e4 c5 2. Nf3 Nc6 3. d4 cxd4 4. Nxd4 Nf6 5. Nc3 e5 6. Ndb5 d6 7. a4 a6 8. Na3 Be7 9. Bg5 0-0 10. Bxf6 Bxf6 11. Bc4 Bg5 12. 0-0 Kh8 13. Nd5 f5 14. exf5 Bxf5 15. c3 Rc8 16. Nc2 Ne7 17. Nce3 Be4 18. Nxe7 Qxe7 19. Qg4 Bxe3 20. Qxe4 Ba7 21. g3 Qc7 22. Bd3 g6 23. Rad1 Qb6 24. Rd2 Rf6 25. Kg2 Rcf8 26. f3 Qc7 27. Qd5 a5 28. Be4 R8f7 29. Rfd1 Bc5 30. h4 Kg7 31. Rc2 Qb6 32. Rb1 Qd8 33. b4 axb4 34. cxb4 Be3 35. a5 Rd7 36. Re1 Bh6 37. h5 Rff7 38. hxg6 hxg6 39. Ra1 Rc7 40. Rxc7 Qxc7 41. Rd1 Be3 42. Qxd6 Qxd6 43. Rxd6 Rf6 44. Rd3 Bd4 45. Bxb7 Rf7 46. Bc6 Ra7 47. f4 Kf6 48. Kf3 Bb2 49. Ke4 exf4 50. gxf4 Ke6 51. Rg3 Rg7 52. b5 Kd6 53. Rd3+ Kc7 54. Kd5 Rf7 55. b6+ Kb8 56. a6 Rf5+ 57. Ke4 1-0

[Event "GER-ch Blitz"]
[Site "Magdeburg"]
[Date "2021.08.01"]
[Round "24"]
[White "Baldauf, Marco"]
[Black "Barzen, Pascal"]
[Result "1/2-1/2"]
[WhiteElo "2511"]
[BlackElo "2321"]
[PlyCount "232"]
[EventDate "2021.08.01"]
[EventType "tourn (blitz)"]
[EventRounds "29"]
[EventCountry "GER"]
[EventCategory "5"]
[SourceTitle "CBM 203 Extra"]
[Source "ChessBase"]
[SourceDate "2021.09.30"]
[SourceVersion "1"]
[SourceVersionDate "2021.09.30"]
[SourceQuality "1"]

1. d4 Nf6 2. c4 e6 3. Nc3 Bb4 4. Qc2 Nc6 5. Nf3 d6 6. Bd2 0-0 7. a3 Bxc3 8. Bxc3 Qe7 9. e3 e5 10. dxe5 dxe5 11. Bd3 Re8 12. Nd2 e4 13. Be2 Bf5 14. h3 Ne5 15. b4 Rad8 16. Qb2 Nd3+ 17. Bxd3 exd3 18. Bxf6 gxf6 19. 0-0 h6 20. Rae1 Qe5 21. Qxe5 fxe5 22. e4 Be6 23. Re3 Rd4 24. Nf3 Rxc4 25. Nxe5 Rc3 26. Rxd3 Rxd3 27. Nxd3 Bc4 28. Rd1 Rxe4 29. Nc5 Re2 30. Rd4 b5 31. Rd7 Ra2 32. Rxc7 Rxa3 33. Nd7 a5 34. bxa5 Rxa5 35. Rb7 Ra1+ 36. Kh2 Rb1 37. g4 b4 38. Ne5 Bd5 39. Rb5 Be6 40. f4 f6 41. Nd3 b3 42. Nc5 Bc4 43. Rb7 Rc1 44. Ne4 Rc2+ 45. Kg3 b2 46. Nxf6+ Kf8 47. g5 hxg5 48. fxg5 Rc3+ 49. Kh4 Rb3 50. Nh7+ Ke8 51. Nf6+ Kd8 52. Rd7+ Kc8 53. Rd1 b1Q 54. Rxb1 Rxb1 55. Kh5 Rh1 56. h4 Be2+ 57. Kg6 Rxh4 58. Kf7 Bc4+ 59. Kf8 Bd3 60. Kf7 Rh1 61. g6 Rg1 62. g7 Bc4+ 63. Kf8 Kd8 64. g8Q Bxg8 65. Nxg8 Rf1+ 66. Kg7 Ke8 67. Nf6+ Ke7 68. Ng8+ Ke6 69. Nh6 Rg1+ 70. Kh7 Kf6 71. Ng8+ Kf7 72. Nh6+ Kf6 73. Ng8+ Kf5 74. Nh6+ Ke6 75. Ng8 Rg2 76. Nh6 Ke7 77. Ng8+ Ke6 78. Nh6 Rh2 79. Kg6 Rh1 80. Kg5 Rg1+ 81. Ng4 Rg2 82. Kf4 Ra2 83. Kg5 Ra5+ 84. Kf4 Ra4+ 85. Kg5 Rb4 86. Ne3 Ke5 87. Ng4+ Ke4 88. Nf6+ Kf3 89. Kf5 Rb5+ 90. Ke6 Kf4 91. Nd5+ Kf3 92. Ke5 Ra5 93. Kd4 Ra4+ 94. Ke5 Re4+ 95. Kf5 Rd4 96. Ke5 Rd1 97. Nf6 Ra1 98. Nd5 Ra5 99. Kd4 Ra4+ 100. Ke5 Rh4 101. Nf6 Rh8 102. Nd5 Rh5+ 103. Kd4 Rg5 104. Nc3 Rg8 105. Nd5 Rd8 106. Ke5 Ke2 107. Kd4 Rd7 108. Ke4 Rd6 109. Ke5 Rd8 110. Ke4 Kd2 111. Kd4 Rc8 112. Nf4 Ra8 113. Nd5 Ra4+ 114. Ke5 Ra5 115. Kd4 Ra4+ 116. Ke5 Ra5 1/2-1/2

[Event "GER-ch Blitz"]
[Site "Magdeburg"]
[Date "2021.08.01"]
[Round "18"]
[White "Carlstedt, Jonathan"]
[Black "Barzen, Pascal"]
[Result "0-1"]
[WhiteElo "2442"]
[BlackElo "2321"]
[PlyCount "78"]
[EventDate "2021.08.01"]
[EventType "tourn (blitz)"]
[EventRounds "29"]
[EventCountry "GER"]
[EventCategory "5"]
[SourceTitle "CBM 203 Extra"]
[Source "ChessBase"]
[SourceDate "2021.09.30"]
[SourceVersion "1"]
[SourceVersionDate "2021.09.30"]
[SourceQuality "1"]

1. c4 e5 2. g3 h5 3. h4 Nf6 4. Bg2 Bc5 5. e3 d6 6. Ne2 Bg4 7. f3 Bd7 8. d4 Bb6 9. b4 c6 10. Bb2 Qe7 11. c5 Bc7 12. Nd2 exd4 13. Bxd4 d5 14. 0-0 Be5 15. Re1 0-0 16. Nf4 Bf5 17. Nb3 Nbd7 18. Qd2 Rfe8 19. a4 b6 20. Rac1 bxc5 21. Nxc5 Nb6 22. Qc3 Nc4 23. Kh2 Qd6 24. Rcd1 a5 25. b5 Qxc5 26. Bxe5 Rxe5 27. e4 dxe4 28. Rd4 cxb5 29. axb5 Nb6 30. Qe3 Nfd5 31. Nxd5 Nxd5 32. Qg1 e3 33. f4 Qxd4 34. fxe5 Qxe5 35. b6 Rb8 36. Bxd5 Qxd5 37. Rxe3 Qd2+ 38. Kh1 Be6 39. Rxe6 fxe6 0-1

[Event "GER-ch Blitz"]
[Site "Magdeburg"]
[Date "2020.08.15"]
[Round "9"]
[White "Barzen, Pascal"]
[Black "Holtel, Jasper"]
[Result "0-1"]
[WhiteElo "2321"]
[BlackElo "2305"]
[PlyCount "112"]
[EventDate "2020.08.15"]
[EventType "tourn (blitz)"]
[EventRounds "29"]
[EventCountry "GER"]
[EventCategory "6"]
[SourceTitle "CBM 197 Extra"]
[Source "ChessBase"]
[SourceDate "2020.09.30"]
[SourceVersion "1"]
[SourceVersionDate "2020.09.30"]
[SourceQuality "1"]

1. e4 Nf6 2. e5 Nd5 3. d4 d6 4. Nf3 g6 5. Bc4 Nb6 6. Bb3 Bg7 7. Ng5 e6 8. Qf3 0-0 9. Ne4 dxe5 10. dxe5 Bxe5 11. Bg5 f6 12. Bc1 Nc6 13. c3 Na5 14. Bc2 f5 15. Nc5 Qd5 16. Qxd5 Nxd5 17. 0-0 b6 18. Re1 Bg7 19. Nd3 Re8 20. Ne5 Bb7 21. Nd2 Nc6 22. Ndf3 Nxe5 23. Nxe5 Bxe5 24. Rxe5 Kg7 25. a3 Nf6 26. f3 Rad8 27. c4 Nd7 28. Re2 Ba6 29. b3 e5 30. Bb2 Kf7 31. Rae1 Bb7 32. b4 c5 33. Kf2 Rc8 34. Ba4 Bc6 35. b5 Bb7 36. Bxe5 Nxe5 37. Rxe5 Rxe5 38. Rxe5 Rd8 39. Ke2 Kf6 40. Re3 f4 41. Rd3 Rxd3 42. Kxd3 Ke5 43. Kc3 g5 44. Bc2 h6 45. Bd3 Bc8 46. h3 Bb7 47. Bc2 Bc8 48. Bd3 h5 49. Bg6 g4 50. hxg4 hxg4 51. Bh5 g3 52. Kd3 Be6 53. Bg6 Bh3 54. Ke2 Bxg2 55. Bh7 Bh3 56. Bg8 Be6 0-1

[Event "GER-ch Blitz"]
[Site "Magdeburg"]
[Date "2020.08.15"]
[Round "28"]
[White "Barzen, Pascal"]
[Black "Kopylov, Michael"]
[Result "1-0"]
[WhiteElo "2321"]
[BlackElo "2393"]
[PlyCount "51"]
[EventDate "2020.08.15"]
[EventType "tourn (blitz)"]
[EventRounds "29"]
[EventCountry "GER"]
[EventCategory "6"]
[SourceTitle "CBM 197 Extra"]
[Source "ChessBase"]
[SourceDate "2020.09.30"]
[SourceVersion "1"]
[SourceVersionDate "2020.09.30"]
[SourceQuality "1"]

1. e4 Nf6 2. e5 Nd5 3. d4 d6 4. Nf3 Bg4 5. c4 Nb6 6. Be2 e6 7. Nc3 Nc6 8. exd6 cxd6 9. h3 Bxf3 10. Bxf3 Nxc4 11. d5 exd5 12. Bxd5 Nb6 13. Bb3 Be7 14. 0-0 0-0 15. Qh5 g6 16. Qg4 Ne5 17. Qg3 Nec4 18. Rd1 Rc8 19. Bh6 Re8 20. Qf3 Bf6 21. Qxb7 Rc7 22. Qf3 Nxb2 23. Nb5 Rd7 24. Re1 N2c4 25. Rxe8+ Qxe8 26. Qxf6 1-0

[Event "GER-ch Blitz"]
[Site "Magdeburg"]
[Date "2020.08.15"]
[Round "20"]
[White "Barzen, Pascal"]
[Black "Meier, Georg"]
[Result "0-1"]
[WhiteElo "2321"]
[BlackElo "2621"]
[PlyCount "118"]
[EventDate "2020.08.15"]
[EventType "tourn (blitz)"]
[EventRounds "29"]
[EventCountry "GER"]
[EventCategory "6"]
[SourceTitle "CBM 197 Extra"]
[Source "ChessBase"]
[SourceDate "2020.09.30"]
[SourceVersion "1"]
[SourceVersionDate "2020.09.30"]
[SourceQuality "1"]

1. e4 e6 2. d4 d5 3. e5 c5 4. c3 Ne7 5. Na3 Nec6 6. Nc2 b6 7. a4 Be7 8. Nf3 Qd7 9. Bd3 Ba6 10. 0-0 0-0 11. Bg5 Rc8 12. Bxe7 Qxe7 13. Bb5 h6 14. Nfe1 cxd4 15. cxd4 Nb4 16. Nxb4 Qxb4 17. Rc1 Rxc1 18. Qxc1 Qxd4 19. Qc7 Qc5 20. Qd8+ Qf8 21. Qc7 Qc8 22. Qd6 Bxb5 23. axb5 Nd7 24. Nd3 Qd8 25. Nb4 Nf8 26. Nc6 Qxd6 27. exd6 a5 28. bxa6 Rxa6 29. Rc1 Nd7 30. h4 b5 31. Nd4 Rxd6 32. Rc8+ Nf8 33. Nxb5 Rb6 34. Na7 g5 35. Nc6 Kg7 36. Ne5 Rb7 37. b4 f6 38. Nc6 gxh4 39. Kh2 Rb6 40. Kh3 e5 41. Kxh4 Ng6+ 42. Kg3 d4 43. Kf3 f5 44. Ke2 h5 45. f3 h4 46. Kf2 Kf6 47. Rc7 Nf4 48. Rc8 Ne6 49. Ke2 e4 50. fxe4 fxe4 51. Kd2 Rb7 52. Ra8 Rb6 53. Rc8 Kf5 54. Ne7+ Ke5 55. Rh8 e3+ 56. Kd3 Nf4+ 57. Kc2 d3+ 58. Kc3 d2 59. Kc2 Rd6 0-1

[Event "GER-ch Blitz"]
[Site "Magdeburg"]
[Date "2020.08.15"]
[Round "24"]
[White "Barzen, Pascal"]
[Black "Svane, Frederik"]
[Result "1-0"]
[WhiteElo "2321"]
[BlackElo "2421"]
[PlyCount "133"]
[EventDate "2020.08.15"]
[EventType "tourn (blitz)"]
[EventRounds "29"]
[EventCountry "GER"]
[EventCategory "6"]
[SourceTitle "CBM 197 Extra"]
[Source "ChessBase"]
[SourceDate "2020.09.30"]
[SourceVersion "1"]
[SourceVersionDate "2020.09.30"]
[SourceQuality "1"]

1. e4 c5 2. Nc3 e6 3. g3 d5 4. Bg2 Nf6 5. d3 Nc6 6. f4 Be7 7. e5 Nd7 8. Nf3 b5 9. 0-0 b4 10. Ne2 a5 11. Be3 Ba6 12. Re1 Qc7 13. d4 Bxe2 14. Rxe2 cxd4 15. Nxd4 Nxd4 16. Bxd4 Bc5 17. Kh1 Bxd4 18. Qxd4 Qc5 19. Qd3 0-0 20. f5 exf5 21. Qxf5 Nb6 22. Rf1 Rae8 23. h4 Re6 24. Qf4 Na4 25. Bh3 Re7 26. e6 f6 27. h5 Nxb2 28. h6 Nc4 29. hxg7 Rxg7 30. Bf5 Ne5 31. Rd1 Qc4 32. Qxc4 dxc4 33. Rd5 Rxg3 34. Rxa5 Nf3 35. Rg2 Rxg2 36. Kxg2 Nh4+ 37. Kg3 Nxf5+ 38. Rxf5 Kg7 39. Rf4 Ra8 40. Rxc4 Rxa2 41. Rc7+ Kg6 42. Kf4 Ra5 43. Rc4 Rf5+ 44. Kg4 h5+ 45. Kh4 Re5 46. Rxb4 Rxe6 47. Rb1 Re4+ 48. Kg3 Rc4 49. Rb2 Kg5 50. Rb5+ f5 51. Rb8 Rc3+ 52. Kf2 Rxc2+ 53. Kf3 Rc3+ 54. Kf2 Kg4 55. Rg8+ Kf4 56. Kg2 h4 57. Rf8 Kg5 58. Rg8+ Kf6 59. Rh8 h3+ 60. Kh2 Ke5 61. Re8+ Kf4 62. Rf8 Ke4 63. Re8+ Kf4 64. Rf8 Ra3 65. Rb8 Kg4 66. Rg8+ Kf3 67. Rg3+ 1-0